China and the long march to global trade the accession of China to the World Trade Organization /

Bibliographic Details
Corporate Author: ProQuest (Firm)
Other Authors: Ostry, Sylvia., Alexandroff, Alan S., Gomez, Rafael, 1972-
Format: Electronic eBook
Language:English
Published: London ; New York : RoutledgeCurzon, 2003.
Series:Routledge studies in the growth economies of Asia
Subjects:
Online Access:Click to View
LEADER 01555nam a2200397Ia 4500
001 EBC180435
003 MiAaPQ
005 20200520144314.0
006 m o d |
007 cr cn|||||||||
008 020509r20032002enka sb 001 0 eng d
010 |z  2002069796 
020 |z 0415233615 
035 |a (MiAaPQ)EBC180435 
035 |a (Au-PeEL)EBL180435 
035 |a (CaPaEBR)ebr10101028 
035 |a (CaONFJC)MIL20226 
035 |a (OCoLC)437083191 
040 |a MiAaPQ  |c MiAaPQ  |d MiAaPQ 
050 4 |a HF1604  |b .C4424 2003 
082 0 4 |a 382/.92/0951  |2 21 
245 0 0 |a China and the long march to global trade  |h [electronic resource] :  |b the accession of China to the World Trade Organization /  |c edited by Sylvia Ostry, Alan S. Alexandroff, and Rafael Gomez. 
260 |a London ;  |a New York :  |b RoutledgeCurzon,  |c 2003. 
300 |a xiv, 239 p. :  |b ill. 
440 0 |a Routledge studies in the growth economies of Asia 
504 |a Includes bibliographical references and index. 
533 |a Electronic reproduction. Ann Arbor, MI : ProQuest, 2015. Available via World Wide Web. Access may be limited to ProQuest affiliated libraries. 
610 2 0 |a World Trade Organization. 
650 0 |a International economic relations. 
651 0 |a China  |x Foreign economic relations. 
655 4 |a Electronic books. 
700 1 |a Ostry, Sylvia. 
700 1 |a Alexandroff, Alan S. 
700 1 |a Gomez, Rafael,  |d 1972- 
710 2 |a ProQuest (Firm) 
856 4 0 |u https://ebookcentral.proquest.com/lib/matrademy/detail.action?docID=180435  |z Click to View